000 00260nam a2200109Ia 4500
005 20251222152018.0
008 251222s9999||||xx |||||||||||||| ||spa||
082 _a630.201.85/M61/10
245 0 _aEstadística agraria mensual
264 _bPaidés
942 _cLIB
999 _c25187
_d25187